| 000 | 00690nam a2200181Ia 4500 | ||
|---|---|---|---|
| 003 | GCL | ||
| 008 | 140319s9999 xx 000 0 ara d | ||
| 040 |
_aGCL / _cGCL |
||
| 082 | 0 | 4 |
_a341.48 _bم ح |
| 100 | 1 | _aمحمد عبدالجواد محمد | |
| 245 | 1 | 0 |
_aحماية الطفولة فى الشريعه الاسلامية والقانون الدولى العام والسودانى والسعودى / _cمحمد عبدالجواد محمد |
| 260 |
_a[S.N] : _bمنشاة المعارف الاسلامية |
||
| 490 |
_aالكتب القانونية _v0 |
||
| 650 | 0 | 4 | _aالقانون |
| 650 | 0 | 4 | _aالاطفال |
| 650 | 0 | 4 | _aالشريعة الاسلامية |
| 942 |
_2ddc _cBK |
||
| 999 |
_c50500 _d50500 |
||